| 000 | 00585nam a2200181 a 4500 | ||
|---|---|---|---|
| 005 | 20210223125403.0 | ||
| 008 | 040614s1994 mx r 000 0 spa d | ||
| 020 | _a970620623X | ||
| 035 | _aUPN01000133722 | ||
| 049 | _aCG | ||
| 050 | 4 |
_aJL951 _bF6.5 |
|
| 245 | 0 | 3 |
_aEl fin de siglo y los partidos políticos en América Latina / _cSilvia Dutrénit ... [et al.]. |
| 260 |
_aMexico : _bInstituto Mora : _bUAM-Iztapalapa, _c1994. |
||
| 300 | _a428 p. | ||
| 650 | 4 |
_aPARTIDOS POLITICOS - _zAMERICA LATINA _915172 |
|
| 700 | 1 |
_aDutrénit Bielous, Silvia, _ecoaut. _940727 |
|
| 905 | _aLibro | ||
| 999 |
_c105873 _d105873 |
||